00334nam a22001217a 4500999001700000082001700017100001300034245003600047260001300083300000900096942000700105952010000112 c65124d65121 a297.922R A H aA.Rahman aThe Eternal message of Muhammad aNew York a289p cBK 00104070aREFbREFd2019-07-08l0o297.922R A H (Shelf -19E)pR7079r2019-07-08 00:00:00yBK